Statistiques concernant Quiz n°1

Cliquez ici pour prendre le quiz!

Statistiques générales

  • Ce quiz a été pris 5 fois
  • Le résultat moyen est 4 sur 20

Statistiques - réponses

Description Réponse % Correct
9Quelle boisson ont échangée Ace Luffy et Sabo quand ils était enfant ?Saké
100%
13Qui occupe le poste de tireur d'élite dans l'équipage du Chapeau de Paille ?Usopp
100%
18Quel mot est écrit sur la main de Trafalgar D Water Law sous forme de tatouage ?Death
60%
2Qui est le fils autoproclamé de Barbe Blanche ?Edward Weeble
40%
12Quel est le surnom du roi Riku Doldo III lors du colisée Corrida ?Ricky
20%
16Charlotte Galette est la... ème fille de Big Mom ?18
20%
19Quel nom porte lépée de Shanks ?Griffon
20%
5Quel est le fruit du Démon mangé par Bon Clay ?Mane Mane no Mi
20%
6Combattant de l'équipage de Big Mom originaire de la tribu des Longues-Jambes ?Tamago
20%
4Quel est le 6ème grade le plus haut de la Marine ?Colonel
20%
20Qui est le proprio du magasin Love Love Pirates à Loguetown ?Ed
0%
17Comment s'appelle l'épée de Bastille après l'ellipse ?Samekiri Bocho
0%
15Comment s'appelle les serpents de Mers qui tire le navire des pirates Kujas ?Yuda
0%
10Qui a mangé le fruit du Bomu Bomu no Mi ?Mr 5
0%
7Qui est le capitaine de l'alliance des pirates Argentés ?Bill
0%
3Quel technique de combat utilise Nefertari Vivi en tant qu'agent de Baroque Works ?Peacock Slasher
0%
8L'île dirigée par Charlotte Mont d'Or est l'île de la... ?Liqueur
0%
1Au pays des Wa comment s'appelle la plage où est échoué le Thousand Sunny ?Kuri
0%
11Comment s'appelle l'homme poisson de type calamar géant sous les ordres de Hody Jones ?Icaros
0%
14Comment s'appelle l'épée de Spandam ayant mangé le Zo Zo no Mi ?Funkfreed
0%

Distribution des résultats

Percentile by Number Answered

% des personnes avec chaque résultat

Votre développement - résultats

Vous n’avez pas pris ce quiz